000 00748nam a2200241Ia 4500
003 GCL
008 140319s9999 xx 000 0 ara d
040 _aGCL /
_cGCL
082 0 4 _aق
_b327.114
_bع ن
100 1 _aمفيد شهاب
245 1 0 _aنهر النيل :
_bالماضى والحاضر والمستقبل /
_cمفيد شهاب
700 1 _aرفع الله رضا
700 1 _aعبدالعظيم ابوالعطا
260 _aالقاهرة :
_bدار المستقبل العربى ،
_c1985
300 _a222 ص ؛
_c24 سم
490 _a
650 0 4 _aمصر
650 0 4 _aاسرائيل
650 0 4 _aاتفاقيات كامب ديفيد
650 0 4 _aنهر النيل
650 0 4 _aالمياه
942 _2ddc
_cBK
999 _c34756
_d34756